00692nam a22002057a 4500999001900000005001700019010001500036020002700051035001400078037001300092082000800105245006900113260003900182270005800221300002600279700001700305700002300322942002200345952011900367 c191707d19170720220901112048.0 aENG-134847 a9788175224612c1500.00 aEN-118379 bDBAD/PUB a880 aThe Essential Tagore/cEdited by Fakrul Alam & Radha Chakravarty aKolkatabKumkum Bhattacharyac2011 a6 Acharya Jagadish Chandra Bose RoadbKolkatae700017 axxxii, 761pc24cm(hb) aAlam, Fakrul aChakravarty, Radha 2ddccENh880mESS 001040718REFaAVbAVd2022-09-01eDBAD/PUBg1500.00l0o880 ESSpEN-118379r2022-09-01 00:00:00t1v1500.00yEN